La neurosis de abandono
সংরক্ষণ করুন:
| প্রধান লেখক: | |
|---|---|
| বিন্যাস: | গ্রন্থ |
| ভাষা: | স্প্যানিশ |
| প্রকাশিত: |
Buenos Aires
EUDEBA
1970
|
| সংস্করন: | 5a. ed |
| বিষয়গুলি: | |
| ট্যাগগুলো: |
ট্যাগ যুক্ত করুন
কোনো ট্যাগ নেই, প্রথমজন হিসাবে ট্যাগ করুন!
|
MARC
| LEADER | 00000nam a2200000 a 4500 | ||
|---|---|---|---|
| 001 | UCU0132 | ||
| 003 | CL-VaPUC | ||
| 008 | 960315e19700000AG |||||||||||||||||spa|d | ||
| 082 | 0 | 4 | |a 616.8 |b GUE |2 21 |
| 100 | 0 | |a Guex, Germaine |e author |9 355125 | |
| 245 | 1 | 3 | |a La neurosis de abandono |
| 250 | |a 5a. ed | ||
| 300 | |a 180 p | ||
| 942 | |c BK | ||
| 945 | |d 19960315 00:00:00 |a paguirre | ||
| 260 | |a Buenos Aires |b EUDEBA |c 1970 | ||
| 650 | 0 | |a Psicología clínica |9 307259 | |
| 650 | 0 | |a Neurosis |9 312889 | |
| 650 | 0 | |a Psiquiatría |9 308427 | |
| 650 | 0 | |a Enfermedades mentales |9 310204 | |
| 583 | |a last modification |c 19960315 00:00:00 |k Rodrigo Vera | ||
| 999 | |c 245076 |d 245074 | ||
| 952 | |0 0 |1 0 |4 0 |6 616_800000000000000_GUE_1970 |7 0 |8 P |9 259451 |a BIBEDU |b BIBEDU |c BIBEDU_PB |d 2019-11-19 |i 1631705 |o 616.8 GUE 1970 |p 1631705 |r 2019-11-19 |w 2019-11-19 |y BK |k EDU | ||